[Event "12 Indiv. Ch. Greece-Men U18"]
[Site "?"]
[Date "2009.01.05"]
[Round "6.8"]
[White "Karaoulanis, Dimitrios"]
[Black "Rigopoulos-Tsigkos, Alexandros"]
[Result "1/2-1/2"]
[WhiteElo "1886"]
[BlackElo "2020"]
[PlyCount "119"]
[EventDate "2009.01.02"]

1. e4 c5 2. Nf3 e6 3. d4 cxd4 4. Nxd4 a6 5. Bd3 Bc5 6. Nb3 Be7 7. Qg4 g6 8. Qe2
d6 9. O-O Nd7 10. Na3 Qc7 11. Nc4 b6 12. a4 Bb7 13. a5 b5 14. Nb6 Nxb6 15. axb6
Qxb6 16. c4 bxc4 17. Bxc4 Nf6 18. Be3 Qd8 19. f3 O-O 20. Na5 Qb8 21. Nxb7 Qxb7
22. Bxa6 Qb4 23. Bd3 Rab8 24. Ra7 Bd8 25. Rb1 Bb6 26. Bxb6 Rxb6 27. Qe3 Rfb8
28. h4 e5 29. Kh2 Nh5 30. g3 Qb3 31. Ra3 Qe6 32. Ra8 Rxb2+ 33. Rxb2 Rxa8 34.
Qd2 d5 35. exd5 Qxd5 36. Be4 Qxd2+ 37. Rxd2 Rb8 38. Kg2 Nf6 39. g4 Nxe4 40.
fxe4 Rb4 41. Re2 Kg7 42. Re3 h6 43. Kf3 Rb1 44. Kg2 Kf6 45. Ra3 Rb6 46. Rc3 Ke6
47. h5 gxh5 48. gxh5 f5 49. exf5+ Kxf5 50. Kf3 Rb4 51. Rc6 Rb3+ 52. Kf2 Kg5 53.
Rc5 Kf4 54. Rc6 Rb2+ 55. Kf1 Kg5 56. Rc5 Kxh5 57. Rxe5+ Kg4 58. Re2 Rb1+ 59.
Kg2 Rb4 60. Rc2 1/2-1/2

[Event "12 Indiv. Ch. Greece-Men U18"]
[Site "?"]
[Date "2009.01.05"]
[Round "6.9"]
[White "Apostolou, Elias"]
[Black "Pappelis, Dimitrios"]
[Result "0-1"]
[WhiteElo "1812"]
[BlackElo "1994"]
[PlyCount "54"]
[EventDate "2009.01.02"]

1. e4 d5 2. exd5 Qxd5 3. Nc3 Qd6 4. d4 Nf6 5. Nf3 a6 6. g3 Bg4 7. Bg2 Nc6 8.
O-O O-O-O 9. Bf4 Qd7 10. Ne2 h5 11. c3 Nd5 12. b4 Nxf4 13. Nxf4 g5 14. Nd3 Bg7
15. Qa4 Qf5 16. Nxg5 Qxd3 17. Nxf7 Bf3 18. Bxf3 Qxf3 19. Nxh8 Rxh8 20. Rfc1 h4
21. Qd1 Qf5 22. a4 hxg3 23. fxg3 Bh6 24. Rc2 Be3+ 25. Kg2 Qe4+ 26. Kf1 Rf8+ 27.
Ke1 Bf2+ 0-1

[Event "12 Indiv. Ch. Greece-Men U18"]
[Site "?"]
[Date "2009.01.05"]
[Round "6.10"]
[White "Dimopoulos, Dimitrios"]
[Black "Kirgeridis, Panagiotis"]
[Result "1/2-1/2"]
[WhiteElo "1892"]
[BlackElo "2061"]
[PlyCount "150"]
[EventDate "2009.01.02"]

1. e4 c5 2. c3 Nf6 3. e5 Nd5 4. d4 cxd4 5. cxd4 e6 6. Nf3 d6 7. Bc4 Nb6 8. Bd3
Nc6 9. Nc3 dxe5 10. dxe5 Nb4 11. Be4 Qxd1+ 12. Nxd1 N4d5 13. O-O Bd7 14. a3 Be7
15. Ne3 O-O 16. Nxd5 Nxd5 17. Bg5 Bxg5 18. Nxg5 h6 19. Nf3 Rac8 20. g3 Rc4 21.
Bd3 Rc5 22. Rac1 Rfc8 23. Rxc5 Rxc5 24. Re1 Kf8 25. Be4 Ke7 26. Nd2 Bc6 27. f4
Ba4 28. Kf2 a6 29. Bd3 Rc7 30. Ne4 Bb3 31. Nd6 f5 32. Re2 b5 33. Rd2 Nb6 34.
Ke2 Na4 35. Kf2 g6 36. Ke3 Bd5 37. h3 h5 38. Re2 Rc1 39. g4 Rh1 40. gxh5 Rxh3+
41. Kd4 Rxh5 42. Rc2 Rh4 43. Ke3 Rh3+ 44. Kd4 Rf3 45. b4 Rxf4+ 46. Ke3 Rf3+ 47.
Kd4 Kd7 48. Nxf5 gxf5 49. Bxb5+ Kd8 50. Bxa4 Rxa3 51. Bc6 Bxc6 52. Rxc6 Kd7 53.
Rc2 f4 54. Rh2 f3 55. Rh7+ Ke8 56. Rh6 Kf7 57. Rf6+ Ke7 58. Kc4 Re3 59. Kd4 Rb3
60. Kc4 Ra3 61. Kd4 Ra4 62. Kc5 Ra3 63. Kd4 Kd7 64. Rf7+ Ke8 65. Rf6 Ke7 66.
Kc4 Re3 67. Kd4 Rb3 68. Kc4 Ra3 69. Kd4 Rb3 70. Kc5 Ra3 71. Kd4 a5 72. bxa5
Ra4+ 73. Kd3 Rxa5 74. Ke4 Ra3 75. Rxf3 Ra4+ 1/2-1/2

[Event "12 Indiv. Ch. Greece-Men U18"]
[Site "?"]
[Date "2009.01.06"]
[Round "7.1"]
[White "Filippas, Sebastian"]
[Black "Pavlidis, Antonios"]
[Result "1-0"]
[WhiteElo "2190"]
[BlackElo "2278"]
[PlyCount "87"]
[EventDate "2009.01.02"]

1. d4 Nf6 2. c4 g6 3. Nc3 d5 4. Nf3 Bg7 5. Bg5 Ne4 6. cxd5 Nxg5 7. Nxg5 e6 8.
Qd2 exd5 9. Qe3+ Kf8 10. Qf4 Bf6 11. h4 h6 12. Nxd5 Bxg5 13. Qe5 f6 14. Qxc7
Qxd5 15. Qxc8+ Kf7 16. Qc7+ Nd7 17. e3 Bf4 18. Qxf4 Qa5+ 19. Ke2 Rac8 20. Kf3
f5 21. Bd3 Rc6 22. Ke2 Nf6 23. Rhc1 Rhc8 24. Rxc6 Rxc6 25. a3 Qd5 26. Rd1 Qa2
27. Rd2 Rc1 28. Qb8 Qd5 29. Rc2 Rxc2+ 30. Bxc2 Qb5+ 31. Kd2 Qxb2 32. Qc7+ Ke6
33. Qc8+ Ke7 34. Qc5+ Ke6 35. f3 b6 36. Qb4 Qa1 37. Bb3+ Kd7 38. Ba4+ Kc8 39.
Qf8+ Kb7 40. Qxf6 Qxa3 41. Qc6+ Ka6 42. Qc4+ Kb7 43. d5 Qb2+ 44. Bc2 1-0

[Event "12 Indiv. Ch. Greece-Men U18"]
[Site "?"]
[Date "2009.01.06"]
[Round "7.2"]
[White "Pambalos, Panayiotis"]
[Black "Galopoulos, N."]
[Result "0-1"]
[WhiteElo "2123"]
[BlackElo "2217"]
[PlyCount "100"]
[EventDate "2009.01.02"]

1. e4 c5 2. c3 Nf6 3. e5 Nd5 4. d4 cxd4 5. Nf3 e6 6. cxd4 b6 7. Bd3 Ba6 8. O-O
Be7 9. Nc3 Nxc3 10. bxc3 Bxd3 11. Qxd3 d5 12. exd6 Qxd6 13. Ne5 f6 14. Bf4 Qd8
15. Qb5+ Kf8 16. Nf3 Kf7 17. Qh5+ g6 18. Qh3 Nc6 19. Rfe1 Qd5 20. Nd2 Rad8 21.
Re2 Qf5 22. Qxf5 exf5 23. Rae1 g5 24. Re6 Ne5 25. Bxe5 Kxe6 26. Bc7+ Kd7 27.
Bxd8 Rxd8 28. Rc1 Bd6 29. g3 Re8 30. Kf1 h5 31. Nc4 Rh8 32. Nxd6 Kxd6 33. Ke2
h4 34. Kf3 Kd5 35. g4 fxg4+ 36. Kxg4 Re8 37. Rc2 Re4+ 38. Kf5 Rf4+ 39. Kg6 Kc4
40. Re2 g4 41. Re3 Rxf2 42. Kh5 f5 43. Kxh4 Rxh2+ 44. Kg5 Rf2 45. a4 f4 46. Re1
g3 47. Kg4 g2 48. Rg1 f3 49. Kg3 Rf1 50. Kh2 a5 0-1

[Event "12 Indiv. Ch. Greece-Men U18"]
[Site "?"]
[Date "2009.01.06"]
[Round "7.3"]
[White "Hristodoulou, Panagiotis"]
[Black "Kourousis, Epaminondas"]
[Result "0-1"]
[WhiteElo "2110"]
[BlackElo "2228"]
[PlyCount "110"]
[EventDate "2009.01.02"]

1. e4 c6 2. d4 d5 3. f3 e6 4. Nc3 b6 5. Be3 Ba6 6. Nge2 Bb4 7. Qd2 Nf6 8. e5
Nfd7 9. f4 O-O 10. a3 Be7 11. g3 c5 12. Bg2 Nc6 13. h4 cxd4 14. Nxd4 Nxd4 15.
Bxd4 Qc7 16. h5 Bc5 17. g4 Rac8 18. O-O-O b5 19. g5 Nb6 20. Bf1 Qe7 21. Bxc5
Rxc5 22. Rh3 Rfc8 23. Kb1 R5c7 24. Na2 Rc5 25. Nc3 Nc4 26. Bxc4 Rxc4 27. Na2
Bb7 28. c3 a5 29. g6 fxg6 30. hxg6 h6 31. Rd3 Qf8 32. Rd4 Qf5+ 33. Qd3 Qxd3+
34. R1xd3 Rf8 35. Rf3 Bc6 36. Kc1 Be8 37. f5 Rxf5 38. Rxf5 Rxd4 39. Rf7 Re4 40.
Re7 Bxg6 41. Rxe6 Kf7 42. Rb6 h5 43. e6+ Rxe6 44. Rxe6 Kxe6 45. Kd2 Be4 46. Ke3
h4 47. Kf2 g5 48. Nc1 g4 49. Ne2 g3+ 50. Nxg3 hxg3+ 51. Kxg3 d4 52. cxd4 Kd5
53. Kf2 Kxd4 54. Ke2 Kc4 55. a4 b4 0-1

[Event "12 Indiv. Ch. Greece-Men U18"]
[Site "?"]
[Date "2009.01.06"]
[Round "7.4"]
[White "Malikentzos, Sotirios"]
[Black "Kaforos, Dimitrios-Alkis"]
[Result "1-0"]
[WhiteElo "2154"]
[BlackElo "2182"]
[PlyCount "91"]
[EventDate "2009.01.02"]

1. d4 Nf6 2. c4 c5 3. d5 e6 4. Nc3 exd5 5. cxd5 d6 6. Nf3 g6 7. g3 Bg7 8. Bg2
O-O 9. O-O Re8 10. Bf4 a6 11. a4 Ne4 12. Nxe4 Rxe4 13. Nd2 Rb4 14. Ra2 g5 15.
Be3 f5 16. Nf3 h6 17. h4 g4 18. Ne1 Rxb2 19. Rxb2 Bxb2 20. Bxh6 Bd4 21. Qb1 b5
22. axb5 axb5 23. Nc2 Be5 24. Qxb5 Ba6 25. Qb3 Nd7 26. Re1 Kh7 27. Bd2 Rb8 28.
Qa3 Bc8 29. Ne3 Nb6 30. Qd3 Kh8 31. Nxf5 Qf6 32. e4 c4 33. Qc2 Bd7 34. Bg5 Qf7
35. Rb1 Ba4 36. Qa2 Bb3 37. Qe2 Na4 38. Qxg4 c3 39. Nh6 Qg7 40. Qh5 c2 41. Rf1
Nc3 42. Nf7+ Kg8 43. Nxe5 dxe5 44. Bh3 Rb6 45. Qe8+ Qf8 46. Be6+ 1-0

[Event "12 Indiv. Ch. Greece-Men U18"]
[Site "?"]
[Date "2009.01.06"]
[Round "7.5"]
[White "Homatidis, Panagiotis"]
[Black "Pappelis, Dimitrios"]
[Result "0-1"]
[WhiteElo "2133"]
[BlackElo "1994"]
[PlyCount "112"]
[EventDate "2009.01.02"]

1. Nf3 c5 2. g3 Nf6 3. b3 g6 4. Bb2 Bg7 5. Bg2 d5 6. O-O O-O 7. d3 Nc6 8. Nbd2
Re8 9. c4 d4 10. Ng5 Qc7 11. Nde4 Nxe4 12. Nxe4 b6 13. Rb1 Bb7 14. e3 Rad8 15.
Qe2 h6 16. g4 e6 17. exd4 Nxd4 18. Bxd4 Rxd4 19. b4 f5 20. gxf5 gxf5 21. Ng3
Bxg2 22. Kxg2 Qc6+ 23. Kg1 cxb4 24. Rxb4 Kh7 25. Rb3 Rg8 26. f4 Bf8 27. Qf3
Qxf3 28. Rxf3 Bd6 29. Kf2 Rxf4 30. Rxf4 Bxf4 31. Kf3 Bd6 32. d4 Kg6 33. Rc3 Kf6
34. Nh5+ Ke7 35. h3 Rg1 36. c5 bxc5 37. dxc5 Bc7 38. Ra3 a5 39. Rc3 e5 40. Kf2
Rg5 41. Ng3 e4 42. Ne2 Rg8 43. Nd4 Kf6 44. Nb5 Be5 45. Ra3 f4 46. Nd6 Bd4+ 47.
Ke1 Rg1+ 48. Kd2 e3+ 49. Kd3 Rd1+ 50. Ke2 Rd2+ 51. Ke1 Rc2 52. Kd1 Rd2+ 53. Ke1
Rh2 54. Nc4 Bxc5 55. Ra4 Bb4+ 56. Kf1 e2+ 0-1

[Event "12 Indiv. Ch. Greece-Men U18"]
[Site "?"]
[Date "2009.01.06"]
[Round "7.6"]
[White "Dounis, Alexandros"]
[Black "Karaoulanis, Dimitrios"]
[Result "1/2-1/2"]
[WhiteElo "2158"]
[BlackElo "1886"]
[PlyCount "51"]
[EventDate "2009.01.02"]

1. d4 d5 2. c4 c6 3. cxd5 cxd5 4. Nc3 Nf6 5. Bg5 Nc6 6. e3 e6 7. Bd3 Bd6 8. f4
a6 9. Nf3 Qb6 10. Qe2 Bd7 11. Ne5 Nb4 12. Bxf6 Nxd3+ 13. Qxd3 gxf6 14. Nxd7
Kxd7 15. O-O f5 16. Rac1 Bb4 17. Na4 Qa5 18. Nc5+ Bxc5 19. Rxc5 Qxa2 20. Rfc1
Rhc8 21. b4 b6 22. R5c3 Rxc3 23. Qxc3 Qc4 24. Qd2 Qb5 25. Qc3 Qc4 26. Qd2
1/2-1/2

[Event "12 Indiv. Ch. Greece-Men U18"]
[Site "?"]
[Date "2009.01.06"]
[Round "7.7"]
[White "Rigopoulos-Tsigkos, Alexandros"]
[Black "Athanasiou, Georgios"]
[Result "1-0"]
[WhiteElo "2020"]
[BlackElo "1915"]
[PlyCount "67"]
[EventDate "2009.01.02"]

1. e4 d6 2. d4 Nf6 3. Nc3 g6 4. Be3 Bg7 5. Qd2 c6 6. f3 b5 7. h4 h5 8. Nh3 a5
9. Ng5 Nbd7 10. Bd3 Nb6 11. e5 b4 12. Nd1 Nh7 13. Be4 d5 14. Bd3 Nxg5 15. Bxg5
Qc7 16. Qe2 Be6 17. Ne3 Bh6 18. f4 Bxg5 19. hxg5 Kd7 20. c3 bxc3 21. bxc3 Bg4
22. Nxg4 hxg4 23. Qxg4+ e6 24. Rh6 Na4 25. Qh3 Rhb8 26. Rh7 Rf8 27. Bxg6 Kd8
28. Bc2 Nb6 29. g6 Rb8 30. f5 Nc4 31. fxe6 fxe6 32. Rxc7 Kxc7 33. Qh7+ Kb6 34.
Rb1+ 1-0

[Event "12 Indiv. Ch. Greece-Men U18"]
[Site "?"]
[Date "2009.01.06"]
[Round "7.8"]
[White "Dimopoulos, Dimitrios"]
[Black "Liaskos, Leonidas"]
[Result "1/2-1/2"]
[WhiteElo "1892"]
[BlackElo "1997"]
[PlyCount "141"]
[EventDate "2009.01.02"]

1. e4 d5 2. exd5 Qxd5 3. Nc3 Qd6 4. d4 c6 5. Bc4 Nf6 6. Nge2 Bg4 7. f3 Bf5 8.
Bf4 Qd8 9. Qd2 e6 10. O-O Bd6 11. Bxd6 Qxd6 12. Bd3 Bxd3 13. Qxd3 Nbd7 14. Ng3
O-O-O 15. Nce4 Qc7 16. c3 Nd5 17. b4 h5 18. Rab1 Kb8 19. Ne2 Rhe8 20. c4 Nf4
21. Nxf4 Qxf4 22. Qc3 Nf6 23. Rfe1 Rd7 24. b5 Nxe4 25. Rxe4 Qd6 26. bxc6 Qxc6
27. Re5 Red8 28. Reb5 Rxd4 29. Rxb7+ Qxb7 30. Rxb7+ Kxb7 31. Qb4+ Ka8 32. Qa4
Rc8 33. Qb5 Rdxc4 34. Qxh5 g6 35. Qe5 R8c6 36. Qf6 Rc7 37. a3 Kb7 38. Kf2 Rc2+
39. Kg3 R2c5 40. Qd4 Kc6 41. h4 Rd7 42. Qe4+ Kd6 43. Qd4+ Rd5 44. Qb4+ Kc7 45.
Qc3+ Kd8 46. Qf6+ Ke8 47. Qb2 a5 48. Qc3 Ke7 49. Kh3 Kd6 50. Kg3 Rc7 51. Qe3
Rcc5 52. Qb3 Rb5 53. Qc3 Ke7 54. Kh3 Rdc5 55. Qd4 e5 56. Qe3 Rd5 57. Qc3 Rd4
58. Qc6 Rbd5 59. Qc2 Rd3 60. Qc4 Kf8 61. Qe4 Kg7 62. Qc4 R3d4 63. Qc2 a4 64.
Kg3 Rb5 65. Qc7 Rbd5 66. Qc6 Rd6 67. Qb5 Kf6 68. Qc5 Rd3 69. Qc1 R6d5 70. Qg5+
Kg7 71. Qe7 1/2-1/2

[Event "12 Indiv. Ch. Greece-Men U18"]
[Site "?"]
[Date "2009.01.06"]
[Round "7.9"]
[White "Asimakopoulos, Konstantinos"]
[Black "Kostas, Panagiotis"]
[Result "1/2-1/2"]
[WhiteElo "1870"]
[BlackElo "1916"]
[PlyCount "85"]
[EventDate "2009.01.02"]

1. e4 d5 2. exd5 Nf6 3. d4 Nxd5 4. Nf3 g6 5. Bc4 Bg7 6. O-O O-O 7. c3 Nc6 8.
Bxd5 Qxd5 9. Bf4 Bg4 10. Bxc7 e5 11. Bxe5 Bxe5 12. dxe5 Qxd1 13. Rxd1 Nxe5 14.
Nbd2 Rfe8 15. h3 Nxf3+ 16. Nxf3 Bxf3 17. gxf3 Re2 18. Rab1 Rae8 19. Kf1 Rc2 20.
Rdc1 Ree2 21. Rxc2 Rxc2 22. Kg2 Kg7 23. Kg3 Kf6 24. f4 Ke6 25. Re1+ Kd6 26. Rb1
b5 27. h4 Kc5 28. f5 gxf5 29. h5 h6 30. f3 Kd6 31. a4 a6 32. Ra1 f6 33. axb5
axb5 34. Kf4 Rh2 35. Ra6+ Ke7 36. Rb6 Rxb2 37. Kxf5 Rb3 38. Rb7+ Kd6 39. Kxf6
Rxc3 40. f4 Kc6 41. Rb8 Rg3 42. Kf5 Rd3 43. Kg6 1/2-1/2

[Event "12 Indiv. Ch. Greece-Men U18"]
[Site "?"]
[Date "2009.01.06"]
[Round "7.10"]
[White "Kirgeridis, Panagiotis"]
[Black "Asimakopoulos, Ioannis"]
[Result "1-0"]
[WhiteElo "2061"]
[BlackElo "1823"]
[PlyCount "65"]
[EventDate "2009.01.02"]

1. d4 Nf6 2. c4 g6 3. Nc3 Bg7 4. e4 d6 5. Nge2 O-O 6. Ng3 c5 7. d5 e6 8. Be2
exd5 9. cxd5 a6 10. a4 Re8 11. O-O Nbd7 12. Bg5 h6 13. Be3 Ne5 14. f3 Rb8 15.
Qd2 Kh7 16. h3 Qe7 17. Rae1 Ned7 18. Bd3 Ne5 19. Be2 Ned7 20. Bf2 Nf8 21. f4
N6d7 22. Bd3 Qd8 23. Be3 Qh4 24. Rf3 Qe7 25. Re2 Qd8 26. e5 dxe5 27. f5 Nf6 28.
Bxc5 Nxd5 29. fxg6+ fxg6 30. Nxd5 Ne6 31. Be3 Nd4 32. Bxd4 Qxd5 33. Ba7 1-0

[Event "12 Indiv. Ch. Greece-Men U18"]
[Site "?"]
[Date "2009.01.07"]
[Round "8.1"]
[White "Galopoulos, N."]
[Black "Malikentzos, Sotirios"]
[Result "1/2-1/2"]
[WhiteElo "2217"]
[BlackElo "2154"]
[PlyCount "69"]
[EventDate "2009.01.02"]

1. d4 d5 2. c4 c6 3. Nf3 Nf6 4. Qc2 dxc4 5. Qxc4 Bf5 6. Nc3 e6 7. g3 Nbd7 8.
Bg2 Be7 9. Qb3 Qb6 10. Nd2 Bg6 11. Nc4 Qxb3 12. axb3 Bb4 13. Ra4 Be7 14. Na5
Nb6 15. Nxb7 Nxa4 16. Bxc6+ Kf8 17. bxa4 Rc8 18. Bf3 Be4 19. Nxe4 Rxc1+ 20. Kd2
Rxh1 21. Bxh1 Nxe4+ 22. Bxe4 Bb4+ 23. Kd3 Ke7 24. Kc4 Be1 25. b4 Bxf2 26. Na5
Rc8+ 27. Kd3 Kd7 28. Nc4 f5 29. Bf3 g5 30. g4 f4 31. b5 Kc7 32. Ne5 Kb6 33.
Nc4+ Kc7 34. Ne5 Kb6 35. Nc4+ 1/2-1/2

[Event "12 Indiv. Ch. Greece-Men U18"]
[Site "?"]
[Date "2009.01.07"]
[Round "8.2"]
[White "Kourousis, Epaminondas"]
[Black "Filippas, Sebastian"]
[Result "0-1"]
[WhiteElo "2228"]
[BlackElo "2190"]
[PlyCount "130"]
[EventDate "2009.01.02"]

1. Nf3 Nf6 2. c4 e6 3. g3 c5 4. Bg2 Be7 5. O-O O-O 6. Nc3 a6 7. d4 cxd4 8. Nxd4
Qc7 9. Be3 d6 10. Rc1 Ng4 11. Bd2 Ne5 12. b3 Nbd7 13. e4 Nc5 14. Be3 Nc6 15.
Nde2 Ne5 16. h3 Qb8 17. f4 Nc6 18. Qd2 Rd8 19. Rb1 b6 20. g4 Bb7 21. b4 Nd7 22.
Qe1 g6 23. Qf2 Qc7 24. Rfc1 d5 25. exd5 Nxb4 26. dxe6 Nd3 27. exf7+ Kxf7 28.
Qf1 Nxc1 29. Rxc1 Bc5 30. Bxc5 Nxc5 31. Nd5 Bxd5 32. cxd5 Qe7 33. Kh1 Rac8 34.
Nd4 Ne4 35. Kh2 Rxc1 36. Qxc1 Rxd5 37. Nc6 Rc5 38. Qe3 Rxc6 39. Bxe4 Rc2+ 40.
Kg3 Rc7 41. Qxb6 Qc5 42. Qxc5 Rxc5 43. g5 Kg7 44. h4 Ra5 45. Bb1 Ra3+ 46. Kg4
h5+ 47. gxh6+ Kxh6 48. f5 Ra4+ 49. Kf3 gxf5 50. Bxf5 Rxa2 51. Ke3 Rb2 52. Kd3
a5 53. Kc3 Rb6 54. Bc2 Kh5 55. Ba4 Kxh4 56. Bc2 Kg4 57. Bd1+ Kf4 58. Ba4 Ke5
59. Bb3 Kd6 60. Ba2 Kc5 61. Bb3 Rb4 62. Ba2 a4 63. Kc2 a3 64. Bf7 Rb2+ 65. Kc3
Rf2 0-1

[Event "12 Indiv. Ch. Greece-Men U18"]
[Site "?"]
[Date "2009.01.07"]
[Round "8.3"]
[White "Pappelis, Dimitrios"]
[Black "Pavlidis, Antonios"]
[Result "0-1"]
[WhiteElo "1994"]
[BlackElo "2278"]
[PlyCount "82"]
[EventDate "2009.01.02"]

1. e4 c5 2. Nf3 e6 3. d4 cxd4 4. Nxd4 Nc6 5. Nc3 Qc7 6. Be3 a6 7. Be2 Nf6 8. a3
Be7 9. O-O O-O 10. f4 d6 11. Kh1 Bd7 12. Nb3 Rac8 13. Qe1 b5 14. Qf2 Rb8 15. g4
b4 16. axb4 Nxb4 17. Bf3 d5 18. e5 Ne4 19. Bxe4 dxe4 20. Rfd1 Bc6 21. Kg1 Ba8
22. Rd4 Nd5 23. Nxd5 Bxd5 24. Rxa6 f6 25. exf6 Bxf6 26. Rd1 Bxb2 27. Ra7 Rb7
28. Rxb7 Qxb7 29. Qd2 Qe7 30. Qe1 Ba3 31. Nd4 Bd6 32. Ne2 Bc4 33. Rd4 Ba6 34.
Rxe4 Bb7 35. Ra4 Qd7 36. Ra7 Qc6 37. Rxb7 Qxb7 38. Qd2 Qf3 39. Ng3 Bxf4 40.
Bxf4 Rxf4 41. Qd8+ Rf8 0-1

[Event "12 Indiv. Ch. Greece-Men U18"]
[Site "?"]
[Date "2009.01.07"]
[Round "8.4"]
[White "Hristodoulou, Panagiotis"]
[Black "Pambalos, Panayiotis"]
[Result "1/2-1/2"]
[WhiteElo "2110"]
[BlackElo "2123"]
[PlyCount "53"]
[EventDate "2009.01.02"]

1. e4 c5 2. c3 d5 3. exd5 Qxd5 4. d4 e5 5. dxe5 Qxd1+ 6. Kxd1 Nc6 7. Bf4 Bf5 8.
Nf3 O-O-O+ 9. Nbd2 Nge7 10. Kc1 Ng6 11. Bg3 f6 12. Nc4 Ngxe5 13. Ncxe5 Nxe5 14.
Nxe5 fxe5 15. Bxe5 Re8 16. f4 Bd6 17. Bb5 Bxe5 18. fxe5 Rxe5 19. a4 a6 20. Bc4
Rhe8 21. b3 Be6 22. Bxe6+ R8xe6 23. Ra2 Re2 24. Rd2 b5 25. axb5 axb5 26. Rf1
Re1+ 27. Rxe1 1/2-1/2

[Event "12 Indiv. Ch. Greece-Men U18"]
[Site "?"]
[Date "2009.01.07"]
[Round "8.5"]
[White "Kaforos, Dimitrios-Alkis"]
[Black "Rigopoulos-Tsigkos, Alexandros"]
[Result "1-0"]
[WhiteElo "2182"]
[BlackElo "2020"]
[PlyCount "95"]
[EventDate "2009.01.02"]

1. e4 c5 2. Nf3 e6 3. d4 cxd4 4. Nxd4 a6 5. Bd3 Bc5 6. Nb3 Be7 7. O-O d6 8. Qg4
Bf6 9. Nc3 Nc6 10. f4 Nge7 11. Be3 b5 12. Rad1 e5 13. Qh5 g6 14. Qf3 Bg7 15.
Nd5 O-O 16. c4 Nxd5 17. exd5 Nd4 18. Qf2 bxc4 19. Bxc4 Nxb3 20. Bxb3 Bb7 21. f5
gxf5 22. Qxf5 Bc8 23. Qf2 f5 24. Rc1 Qf6 25. Rc6 f4 26. Bc5 Rd8 27. Bb6 Rf8 28.
Bc7 Bg4 29. Bxd6 Qg5 30. Be7 Qf5 31. d6+ Kh8 32. Bxf8 Rxf8 33. Rc5 Qf6 34. Rd5
e4 35. d7 f3 36. Qd2 Qb6+ 37. Rf2 e3 38. d8=Q exf2+ 39. Qxf2 Qxd8 40. Rxd8 Rxd8
41. Qg3 Bd4+ 42. Kf1 h5 43. gxf3 Rf8 44. Bd5 Bd7 45. Qh4 Bb5+ 46. Kg2 Be3 47.
Qxh5+ Kg7 48. Qe5+ 1-0

[Event "12 Indiv. Ch. Greece-Men U18"]
[Site "?"]
[Date "2009.01.07"]
[Round "8.6"]
[White "Kostas, Panagiotis"]
[Black "Dounis, Alexandros"]
[Result "0-1"]
[WhiteElo "1916"]
[BlackElo "2158"]
[PlyCount "69"]
[EventDate "2009.01.02"]

1. d4 Nf6 2. Nc3 d5 3. Bg5 c5 4. e4 Nxe4 5. Nxe4 dxe4 6. dxc5 Qa5+ 7. Qd2 Qxd2+
8. Bxd2 e5 9. b4 Nc6 10. Bb5 Be6 11. Ne2 a5 12. c3 O-O-O 13. Be3 f5 14. g3 Be7
15. h4 h6 16. h5 axb4 17. Bxc6 bxc6 18. cxb4 Rd3 19. a4 Rb3 20. b5 Bc4 21. Rc1
cxb5 22. Nc3 bxa4 23. Nxa4 Bb5 24. Nc3 Bc6 25. O-O Rd8 26. Rc2 Rd3 27. Rfc1 Bg5
28. Bxg5 hxg5 29. Nd1 f4 30. Nb2 Rf3 31. Nc4 e3 32. Nxe5 exf2+ 33. Rxf2 Rxg3+
34. Kf1 Bb5+ 35. Ke1 0-1

[Event "12 Indiv. Ch. Greece-Men U18"]
[Site "?"]
[Date "2009.01.07"]
[Round "8.7"]
[White "Karaoulanis, Dimitrios"]
[Black "Homatidis, Panagiotis"]
[Result "0-1"]
[WhiteElo "1886"]
[BlackElo "2133"]
[PlyCount "46"]
[EventDate "2009.01.02"]

1. e4 c5 2. Nf3 d6 3. d4 cxd4 4. Nxd4 Nf6 5. Nc3 a6 6. Bg5 e6 7. f4 Qc7 8. Qf3
b5 9. a3 Nbd7 10. O-O-O Rb8 11. Bxf6 Nxf6 12. g4 Be7 13. g5 Nd7 14. h4 b4 15.
axb4 Rxb4 16. Bh3 Qb6 17. Nb3 a5 18. Na2 Rc4 19. Qe2 Ba6 20. Qf3 a4 21. Nd2 Rc7
22. f5 Ne5 23. Qg3 Nd3+ 0-1

[Event "12 Indiv. Ch. Greece-Men U18"]
[Site "?"]
[Date "2009.01.07"]
[Round "8.8"]
[White "Kirgeridis, Panagiotis"]
[Black "Asimakopoulos, Konstantinos"]
[Result "1/2-1/2"]
[WhiteElo "2061"]
[BlackElo "1870"]
[PlyCount "71"]
[EventDate "2009.01.02"]

1. d4 Nf6 2. c4 g6 3. Nc3 Bg7 4. e4 d6 5. f3 O-O 6. Bg5 c5 7. d5 h6 8. Be3 a6
9. Qd2 h5 10. Nge2 Nbd7 11. Nc1 Rb8 12. Be2 Qa5 13. a3 Re8 14. O-O Qc7 15. Rd1
Nf8 16. a4 Bd7 17. Ra3 b6 18. Rb3 Rb7 19. Nd3 Reb8 20. Nf2 Ne8 21. Ra1 Qc8 22.
Nfd1 Nc7 23. Rba3 b5 24. axb5 axb5 25. cxb5 Nxb5 26. Nxb5 Bxb5 27. R1a2 Bxe2
28. Qxe2 Rb3 29. Ra7 R3b7 30. Kf1 Qc7 31. R7a6 Qd7 32. R6a5 Rb3 33. Ra7 R8b7
34. R7a5 Qc7 35. Ra6 Qd7 36. R6a5 1/2-1/2

[Event "12 Indiv. Ch. Greece-Men U18"]
[Site "?"]
[Date "2009.01.07"]
[Round "8.9"]
[White "Naoum, Spyridon"]
[Black "Liaskos, Leonidas"]
[Result "1-0"]
[WhiteElo "1732"]
[BlackElo "1997"]
[PlyCount "107"]
[EventDate "2009.01.02"]

1. d4 g6 2. c4 Bg7 3. Nc3 d6 4. e4 e5 5. Nf3 exd4 6. Nxd4 Nc6 7. Be3 Nge7 8.
Be2 O-O 9. O-O f5 10. exf5 Bxd4 11. Bxd4 Nxf5 12. Be3 Nxe3 13. fxe3 Rxf1+ 14.
Bxf1 Be6 15. Nd5 Ne5 16. b3 Kg7 17. Qd4 b6 18. Be2 Bxd5 19. Qxd5 Rb8 20. Rf1
Qe7 21. Qe4 Re8 22. g3 Qd7 23. Qf4 Nf7 24. Bf3 Qe7 25. Bd5 Nh6 26. Kg2 Qe5 27.
Bc6 Qxf4 28. exf4 Re2+ 29. Rf2 Rxf2+ 30. Kxf2 Ng4+ 31. Kg1 Ne3 32. Bf3 Nc2 33.
Be4 Nd4 34. Kf2 Kf6 35. Ke3 Ne6 36. Bc2 a5 37. g4 g5 38. fxg5+ Kxg5 39. Bxh7
Kxg4 40. Ke4 Ng5+ 41. Kd5 Nxh7 42. Kc6 Kf5 43. Kxc7 Ke5 44. Kxb6 Kd4 45. Kxa5
Kc5 46. Ka6 Nf6 47. h4 Nh5 48. Kb7 Ng7 49. a4 Kb4 50. Kc6 Nf5 51. h5 Ka5 52. c5
dxc5 53. Kxc5 Nh6 54. Kd6 1-0

[Event "12 Indiv. Ch. Greece-Men U18"]
[Site "?"]
[Date "2009.01.07"]
[Round "8.10"]
[White "Barbagiannis, Panayotis"]
[Black "Dimopoulos, Dimitrios"]
[Result "0-1"]
[WhiteElo "1941"]
[BlackElo "1892"]
[PlyCount "56"]
[EventDate "2009.01.02"]

1. d4 Nf6 2. c4 g6 3. Nc3 Bg7 4. Bg5 O-O 5. Nf3 d6 6. g3 Nbd7 7. d5 Nc5 8. Bg2
Nfe4 9. Nxe4 Nxe4 10. Bc1 Bd7 11. O-O Rb8 12. Nd4 Nf6 13. b4 Qc8 14. Re1 c5 15.
dxc6 bxc6 16. Ba3 Ne8 17. Rb1 Qa6 18. Bb2 Rxb4 19. a3 Rb8 20. Qc2 c5 21. Nb5
Bxb5 22. cxb5 Rxb5 23. Bxg7 Nxg7 24. Qc4 Rfb8 25. a4 Rxb1 26. Qxa6 Rxe1+ 27.
Bf1 Ne6 28. Kg2 Rbb1 0-1

[Event "12 Indiv. Ch. Greece-Men U18"]
[Site "?"]
[Date "2009.01.08"]
[Round "9.1"]
[White "Filippas, Sebastian"]
[Black "Malikentzos, Sotirios"]
[Result "1-0"]
[WhiteElo "2190"]
[BlackElo "2154"]
[PlyCount "91"]
[EventDate "2009.01.02"]

1. d4 d5 2. c4 c6 3. Nf3 Nf6 4. e3 Bg4 5. Qb3 Qb6 6. Ne5 Bf5 7. Nc3 e6 8. Qxb6
axb6 9. f3 Nfd7 10. Nxd7 Nxd7 11. Bd2 Be7 12. O-O-O Bb4 13. a3 Rxa3 14. e4 Ra1+
15. Kc2 Rxd1 16. Nxd1 Bxd2 17. exf5 Bg5 18. fxe6 fxe6 19. g3 Kf7 20. cxd5 exd5
21. Bh3 Rd8 22. Nc3 Bf6 23. Ra1 Bxd4 24. Ra7 Ne5 25. Rxb7+ Kf6 26. Ne2 Bf2 27.
Nf4 Nxf3 28. Nh5+ Ke5 29. Nxg7 d4 30. Rf7 d3+ 31. Kd1 Ng5 32. Rf5+ Ke4 33. Bg2+
Kd4 34. Rxg5 Ra8 35. Rg4+ Ke5 36. Re4+ Kd6 37. Nf5+ Kd7 38. Re7+ Kd8 39. Re8+
Kxe8 40. Bxc6+ Kf7 41. Bxa8 Kf6 42. Be4 Kg5 43. h4+ Kg4 44. Bxd3 Bxg3 45. Nxg3
Kxg3 46. Bxh7 1-0

[Event "12 Indiv. Ch. Greece-Men U18"]
[Site "?"]
[Date "2009.01.08"]
[Round "9.2"]
[White "Dounis, Alexandros"]
[Black "Galopoulos, N."]
[Result "1-0"]
[WhiteElo "2158"]
[BlackElo "2217"]
[PlyCount "39"]
[EventDate "2009.01.02"]

1. e4 c5 2. b3 b6 3. Bb2 Bb7 4. Nc3 e6 5. Qf3 Nc6 6. O-O-O Nf6 7. Re1 Qb8 8.
Qh3 Nd4 9. Nf3 a6 10. Bd3 e5 11. Nd5 Nxd5 12. exd5 Bxd5 13. Rxe5+ Be6 14. Nxd4
Qxe5 15. Nxe6 Qxe6 16. Qf3 Ra7 17. Bc4 Qg6 18. Re1+ Be7 19. Bd3 Qh6 20. Qg3 1-0